Cyprus map - Statistics

General Stats
  • This quiz has been taken 22 times
  • The average score is 5 of 20
Answer Stats
Hint Answer % Correct
1 Nicosia
100%
3 Famagusta
64%
6 Larnaca
64%
9 Paphos
64%
7 Limasol
50%
2 Kyrenia
36%
5 Ayia Napa
21%
4 Protaras
14%
X The Green Line
14%
A Cyprus
7%
B Middellandse Zee
7%
14 Morfou
7%
E Noordelijk deel van Cyprus
7%
13 Olympus
7%
C Troodos-gebergte
7%
D Zuidelijk deel van Cyprus
7%
11 Akamas
0%
10 Coral Bay
0%
8 Kourion
0%
12 Kykkos
0%
No matching quizzes found
Score Distribution
Percent of People with Each Score
Percentile by Number Answered
Your Score History
You have not taken this quiz